Don't be Horrid, Henry! / (Record no. 4184)

MARC details
000 -LEADER
fixed length control field 01424nam a22003017a 4500
001 - CONTROL NUMBER
control field 4184
003 - CONTROL NUMBER IDENTIFIER
control field FISKH
005 - DATE AND TIME OF LATEST TRANSACTION
control field 20250409154429.0
008 - FIXED-LENGTH DATA ELEMENTS--GENERAL INFORMATION
fixed length control field 240626b cb ||||| |||| 00| 0 eng d
020 ## - INTERNATIONAL STANDARD BOOK NUMBER
International Standard Book Number 9781842556726
040 ## - CATALOGING SOURCE
Original cataloging agency FISKH
Language of cataloging eng
Transcribing agency FISKH
Modifying agency FISKH
050 ## - LIBRARY OF CONGRESS CALL NUMBER
Classification number PZ7
082 ## - DEWEY DECIMAL CLASSIFICATION NUMBER
Classification number 823.914
100 ## - MAIN ENTRY--PERSONAL NAME
Personal name Simon, Francesca
245 ## - TITLE STATEMENT
Title Don't be Horrid, Henry! /
Statement of responsibility, etc. Francesca Simon ; Illustrated byTony Ross
250 ## - EDITION STATEMENT
Edition statement First published in Great Britain in 2008
260 ## - PUBLICATION, DISTRIBUTION, ETC.
Place of publication, distribution, etc. London :
Name of publisher, distributor, etc. Orion Children's Books,
Date of publication, distribution, etc. 2000
300 ## - PHYSICAL DESCRIPTION
Extent 60 pages :
Other physical details color illustrations ;
Dimensions 20 cm
490 ## - SERIES STATEMENT
Series statement Early reader
505 ## - FORMATTED CONTENTS NOTE
Formatted contents note J<br/>
520 ## - SUMMARY, ETC.
Summary, etc. It's a dreadful shock for Horrid Henry when Perfect Peter is born, and despite his best, or worst, efforts, he can't manage to get rid of him. As Peter gets bigger, Henry gets crosser. But the day comes when Henry inadvertently finds himself saving Peter from a big fierce dog, and discovers that it's rather nice to be a hero. Setting the scene for the Horrid Henry storybooks, this is a story with a universally recognizable theme. The text is very simple and very funny: the artwork is bright and colorful in the spirit of the original Horrid Henry books.
521 8# - TARGET AUDIENCE NOTE
Target audience note 490<br/>
Source Lexile<br/>
521 8# - TARGET AUDIENCE NOTE
Target audience note J<br/>
Source Raz-Plus
650 ## - SUBJECT ADDED ENTRY--TOPICAL TERM
Topical term or geographic name entry element Horrid Henry
Form subdivision Children's Fiction
General subdivision Early Reader
700 ## - ADDED ENTRY--PERSONAL NAME
Personal name Ross, Tony
Relator term Illustrator
942 ## - ADDED ENTRY ELEMENTS (KOHA)
Source of classification or shelving scheme Dewey Decimal Classification
Koha item type Books
Suppress in OPAC No
Holdings
Withdrawn status Lost status Source of classification or shelving scheme Damaged status Not for loan Collection Home library Current library Shelving location Date acquired Total Checkouts Full call number Barcode Date last seen Date last checked out Price effective from Koha item type Copy number
    Dewey Decimal Classification     Juvenile Fiction Footprints International School Library Network Toul Kork Campus Footprints International School Library Network Toul Kork Campus TK Primary Library Room(4th Floor), Bookcase 1&2, Shelves 1-16, Dark Blue Books 06/26/2024 1 SIM 823.914 PZ7 FISTKG2A064 02/26/2025 02/19/2025 06/26/2024 Books  
    Dewey Decimal Classification     Juvenile Fiction Footprints International School Library Network Toul Kork Campus Footprints International School Library Network Toul Kork Campus TK Primary Library Room(4th Floor), Bookcase 1&2, Shelves 1-16, Dark Blue Books 12/09/2024   SIM 823.914 PZ7 2024-2420 12/09/2024   12/09/2024 Books 2
    Dewey Decimal Classification     Juvenile Fiction Footprints International School Library Network Toul Kork Campus Footprints International School Library Network Toul Kork Campus TK Primary Library Room(4th Floor), Bookcase 1&2, Shelves 1-16, Dark Blue Books 01/21/2025   SIM 823.914 PZ7 2025-0059 01/21/2025   01/21/2025 Books 3
    Dewey Decimal Classification     Juvenile Fiction Footprints International School Library Network Toul Tom Poung Campus Footprints International School Library Network Toul Tom Poung Campus TTP Primary Dark Blue Bookshelves 02/11/2025   SIM 823.914 PZ7 2025-0512 02/11/2025   02/11/2025 Books 4
    Dewey Decimal Classification     Juvenile Fiction Footprints International School Library Network Toul Tom Poung Campus Footprints International School Library Network Toul Tom Poung Campus TTP Primary Dark Blue Bookshelves 04/09/2025   SIM 823.914 PZ7 2025-1051 04/09/2025   04/09/2025 Books 5